000 00577nam a2200229Ia 4500
003 OSt
005 20221005130736.0
006 a|||||r|||| 00| 0
007 ta
008 221004b |||||||| |||| 00| 0 tam d
024 _a8438
037 _cTextual
040 _aCRL
_cCRL
_btam
041 _2tam
_atam
082 _aO31,1C92:g, P4
100 _aChandra Sekharan S
_9638586
245 0 _aSamanathin Kural
260 _c2004
650 _aTAMIL LITERATURE
942 _hO31,1C92:g, P4
_cTEXL
_2cc
999 _c1058259
_d1058259